[Event "Villarobledo Online Qualifyer"]
[Site "playchess.com #155672"]
[Date "2009.05.23"]
[Round "3"]
[White "stefanovitch"]
[Black "The bluff"]
[Result "0-1"]
[WhiteElo "1638"]
[BlackElo "2190"]
[PlyCount "42"]
[EventDate "2009.05.23"]
[EventType "swiss (blitz)"]

1. f4 {[%emt 0:00:03]} Nf6 {[%emt 0:00:04]} 2. Nf3 {[%emt 0:00:01]} d5 {[%emt
0:00:02]} 3. e3 {[%emt 0:00:01]} Bg4 {[%emt 0:00:02]} 4. Be2 {[%emt 0:00:01]}
e6 {[%emt 0:00:01]} 5. O-O {[%emt 0:00:01]} Bd6 {[%emt 0:00:01]} 6. b3 {[%emt
0:00:01]} Nbd7 {[%emt 0:00:01]} 7. Bb2 {[%emt 0:00:03]} c6 {[%emt 0:00:01]} 8.
h3 {[%emt 0:00:02]} Bh5 {[%emt 0:00:01]} 9. g4 {[%emt 0:00:01]} Bg6 {[%emt 0:
00:01]} 10. Ne5 {[%emt 0:00:01]} Qc7 {[%emt 0:00:05]} 11. d4 {[%emt 0:00:02]}
Be4 {[%emt 0:00:04]} 12. Nd2 {[%emt 0:00:05]} c5 {[%emt 0:00:14]} 13. g5 {
[%emt 0:00:02]} cxd4 {[%emt 0:00:07]} 14. gxf6 {[%emt 0:00:08]} dxe3 {[%emt 0:
00:02]} 15. Nxe4 {[%emt 0:00:05]} dxe4 {[%emt 0:00:04]} 16. Nxd7 {[%emt 0:00:
13]} Qxd7 {[%emt 0:00:01]} 17. fxg7 {[%emt 0:00:03]} Rg8 {[%emt 0:00:01]} 18.
Qd4 {[%emt 0:00:27]} Qc7 {[%emt 0:00:09]} 19. Qxe4 {[%emt 0:00:04]} O-O-O {
[%emt 0:00:03]} 20. Qxe3 {[%emt 0:00:10]} Bc5 {[%emt 0:00:02]} 21. Qxc5 {[%emt
0:00:14]} Qxc5+ {[%emt 0:00:06] stefanovitch abandonne} 0-1

[Event "Villarobledo Online Qualifyer"]
[Site "playchess.com #155672"]
[Date "2009.05.23"]
[Round "3"]
[White "PertsaPera"]
[Black "Daky Fighter"]
[Result "1-0"]
[WhiteElo "1427"]
[BlackElo "1668"]
[PlyCount "51"]
[EventDate "2009.05.23"]
[EventType "swiss (blitz)"]

1. e4 {[%emt 0:00:01]} c6 {[%emt 0:00:01]} 2. d4 {[%emt 0:00:03]} d5 {[%emt 0:
00:01]} 3. exd5 {[%emt 0:00:01]} cxd5 {[%emt 0:00:01]} 4. c4 {[%emt 0:00:02]}
Nf6 {[%emt 0:00:01]} 5. Nc3 {[%emt 0:00:05]} g6 {[%emt 0:00:05]} 6. h3 {[%emt
0:00:02]} Bg7 {[%emt 0:00:01]} 7. Nf3 {[%emt 0:00:04]} Nc6 {[%emt 0:00:02]} 8.
Be3 {[%emt 0:00:03]} O-O {[%emt 0:00:01]} 9. Bd3 {[%emt 0:00:07]} dxc4 {[%emt
0:00:01]} 10. Bxc4 {[%emt 0:00:01]} e6 {[%emt 0:00:00]} 11. O-O {[%emt 0:00:02]
} a6 {[%emt 0:00:01]} 12. Bg5 {[%emt 0:00:10]} b5 {[%emt 0:00:03]} 13. Bb3 {
[%emt 0:00:03]} Bb7 {[%emt 0:00:01]} 14. Ne5 {[%emt 0:00:19]} Nxe5 {[%emt 0:00:
03]} 15. dxe5 {[%emt 0:00:02]} Qxd1 {[%emt 0:00:02]} 16. Raxd1 {[%emt 0:00:05]}
Ne4 {[%emt 0:00:04]} 17. Bf4 {[%emt 0:00:28]} Nxc3 {[%emt 0:00:07]} 18. bxc3 {
[%emt 0:00:01]} Rad8 {[%emt 0:00:01]} 19. Rd6 {[%emt 0:00:10]} Rxd6 {[%emt 0:
00:04]} 20. exd6 {[%emt 0:00:02]} Bxc3 {[%emt 0:00:04]} 21. Rc1 {[%emt 0:00:11]
} b4 {[%emt 0:00:01]} 22. a3 {[%emt 0:00:04]} a5 {[%emt 0:00:01]} 23. axb4 {
[%emt 0:00:08]} axb4 {[%emt 0:00:01]} 24. Ba4 {[%emt 0:00:09]} Rd8 {[%emt 0:00:
01]} 25. d7 {[%emt 0:00:10]} e5 {[%emt 0:00:01]} 26. Bg5 {[%emt 0:00:06] Daky
Fighter resigns} 1-0

[Event "Villarobledo Online Qualifyer"]
[Site "playchess.com #155672"]
[Date "2009.05.23"]
[Round "3"]
[White "Chofis"]
[Black "Marx"]
[Result "1-0"]
[WhiteElo "1586"]
[BlackElo "1306"]
[PlyCount "45"]
[EventDate "2009.05.23"]
[EventType "swiss (blitz)"]

1. e4 {[%emt 0:00:03]} Nc6 {[%emt 0:00:01]} 2. Nf3 {[%emt 0:00:02]} e5 {[%emt
0:00:06]} 3. Bb5 {[%emt 0:00:02]} Nd4 {[%emt 0:00:03]} 4. Nxd4 {[%emt 0:00:02]}
exd4 {[%emt 0:00:01]} 5. O-O {[%emt 0:00:02]} c6 {[%emt 0:00:01]} 6. Bd3 {
[%emt 0:00:02]} Qc7 {[%emt 0:00:15]} 7. f4 {[%emt 0:00:02]} d6 {[%emt 0:00:03]}
8. c3 {[%emt 0:00:01]} dxc3 {[%emt 0:00:25]} 9. dxc3 {[%emt 0:00:02]} Nf6 {
[%emt 0:00:03]} 10. h3 {[%emt 0:00:02]} Bd7 {[%emt 0:00:07]} 11. Be3 {[%emt 0:
00:01]} Be7 {[%emt 0:00:08]} 12. Nd2 {[%emt 0:00:01]} h6 {[%emt 0:00:11]} 13.
g4 {[%emt 0:00:03]} g5 {[%emt 0:00:17]} 14. f5 {[%emt 0:00:05]} h5 {[%emt 0:00:
11]} 15. Kg2 {[%emt 0:00:03]} hxg4 {[%emt 0:00:08]} 16. hxg4 {[%emt 0:00:01]}
O-O-O {[%emt 0:00:09]} 17. Qf3 {[%emt 0:00:18]} d5 {[%emt 0:00:06]} 18. Rh1 {
[%emt 0:00:04]} Rh4 {[%emt 0:00:14]} 19. Rxh4 {[%emt 0:00:05]} gxh4 {[%emt 0:
00:01]} 20. Bf4 {[%emt 0:00:05]} Rg8 {[%emt 0:00:02]} 21. Bxc7 {[%emt 0:00:03]}
Rxg4+ {[%emt 0:00:01]} 22. Kh3 {[%emt 0:00:09]} Rg3+ {[%emt 0:00:08]} 23. Bxg3
{[%emt 0:00:03] Marx resigns} 1-0

[Event "Villarobledo Online Qualifyer"]
[Site "playchess.com #155672"]
[Date "2009.05.23"]
[Round "3"]
[White "Voxmx"]
[Black "Nounours"]
[Result "1-0"]
[WhiteElo "1752"]
[BlackElo "1435"]
[PlyCount "61"]
[EventDate "2009.05.23"]
[EventType "swiss (blitz)"]

1. Nf3 {[%emt 0:00:02]} c5 {[%emt 0:00:02]} 2. c4 {[%emt 0:00:02]} Nf6 {[%emt
0:00:01]} 3. d4 {[%emt 0:00:01]} cxd4 {[%emt 0:00:03]} 4. Nxd4 {[%emt 0:00:00]}
Nc6 {[%emt 0:00:01]} 5. Nc3 {[%emt 0:00:02]} a6 {[%emt 0:00:01]} 6. e4 {[%emt
0:00:05]} e5 {[%emt 0:00:04]} 7. Nf3 {[%emt 0:00:11]} g6 {[%emt 0:00:01]} 8.
Bg5 {[%emt 0:00:04]} Bg7 {[%emt 0:00:02]} 9. Qd6 {[%emt 0:00:19]} Qe7 {[%emt 0:
00:04]} 10. Qxe7+ {[%emt 0:00:07]} Kxe7 {[%emt 0:00:07]} 11. Nd5+ {[%emt 0:00:
06]} Ke6 {[%emt 0:00:02]} 12. Bxf6 {[%emt 0:00:06]} Bxf6 {[%emt 0:00:01]} 13.
Nc7+ {[%emt 0:00:01]} Ke7 {[%emt 0:00:14]} 14. Nxa8 {[%emt 0:00:00]} Nb4 {
[%emt 0:00:12]} 15. O-O-O {[%emt 0:00:13]} b5 {[%emt 0:00:20]} 16. Nb6 {[%emt
0:00:03]} bxc4 {[%emt 0:00:03]} 17. Nd5+ {[%emt 0:00:02]} Ke6 {[%emt 0:00:02]}
18. Nxb4 {[%emt 0:00:03]} Bb7 {[%emt 0:00:03]} 19. Bxc4+ {[%emt 0:00:02]} Ke7 {
[%emt 0:00:04]} 20. Nd5+ {[%emt 0:00:01]} Bxd5 {[%emt 0:00:02]} 21. Bxd5 {
[%emt 0:00:00]} Rc8+ {[%emt 0:00:02]} 22. Kb1 {[%emt 0:00:03]} d6 {[%emt 0:00:
02]} 23. Rc1 {[%emt 0:00:03]} Rb8 {[%emt 0:00:03]} 24. Rc6 {[%emt 0:00:06]} g5
{[%emt 0:00:01]} 25. Rc7+ {[%emt 0:00:05]} Kd8 {[%emt 0:00:02]} 26. Rhc1 {
[%emt 0:00:02]} g4 {[%emt 0:00:01]} 27. Nd2 {[%emt 0:00:10]} Bg5 {[%emt 0:00:
01]} 28. R1c2 {[%emt 0:00:04]} h5 {[%emt 0:00:04]} 29. Rxf7 {[%emt 0:00:05]}
Rb5 {[%emt 0:00:04]} 30. Be6 {[%emt 0:00:14]} a5 {[%emt 0:00:07]} 31. Rc8# {
[%emt 0:00:02]} 1-0

[Event "Villarobledo Online Qualifyer"]
[Site "playchess.com #155672"]
[Date "2009.05.23"]
[Round "3"]
[White "jchess06"]
[Black "Tomik Trhal"]
[Result "0-1"]
[WhiteElo "1802"]
[BlackElo "2166"]
[PlyCount "102"]
[EventDate "2009.05.23"]
[EventType "swiss (blitz)"]

1. d4 {[%emt 0:00:02]} Nf6 {[%emt 0:00:01]} 2. c3 {[%emt 0:00:00]} e6 {[%emt 0:
00:01]} 3. Nf3 {[%emt 0:00:00]} b6 {[%emt 0:00:01]} 4. Bg5 {[%emt 0:00:00]} Be7
{[%emt 0:00:02]} 5. e3 {[%emt 0:00:00]} Bb7 {[%emt 0:00:02]} 6. Bd3 {[%emt 0:
00:05]} h6 {[%emt 0:00:01]} 7. Bh4 {[%emt 0:00:15]} d5 {[%emt 0:00:03]} 8. O-O
{[%emt 0:00:02]} O-O {[%emt 0:00:03]} 9. Nbd2 {[%emt 0:00:00]} c5 {[%emt 0:00:
02]} 10. Ne5 {[%emt 0:00:01]} Nc6 {[%emt 0:00:01]} 11. Ndf3 {[%emt 0:00:01]}
Ne4 {[%emt 0:00:15]} 12. Bxe7 {[%emt 0:00:07]} Qxe7 {[%emt 0:00:04]} 13. Nxc6 {
[%emt 0:00:00]} Bxc6 {[%emt 0:00:01]} 14. Ne5 {[%emt 0:00:00]} Bb7 {[%emt 0:00:
03]} 15. f3 {[%emt 0:00:01]} Nf6 {[%emt 0:00:02]} 16. Bc2 {[%emt 0:00:00]} cxd4
{[%emt 0:00:03]} 17. exd4 {[%emt 0:00:01]} g6 {[%emt 0:00:11]} 18. Qd2 {[%emt
0:00:02]} Kg7 {[%emt 0:00:02]} 19. Ng4 {[%emt 0:00:03]} Nxg4 {[%emt 0:00:36]}
20. fxg4 {[%emt 0:00:00]} Rae8 {[%emt 0:00:09]} 21. Qf4 {[%emt 0:00:02]} e5 {
[%emt 0:00:03]} 22. Qe3 {[%emt 0:00:14]} exd4 {[%emt 0:00:02]} 23. Qxd4+ {
[%emt 0:00:00]} Qe5 {[%emt 0:00:01]} 24. Rad1 {[%emt 0:00:17]} Qxd4+ {[%emt 0:
00:01]} 25. Rxd4 {[%emt 0:00:01]} Re2 {[%emt 0:00:01]} 26. Rf2 {[%emt 0:00:01]}
Rfe8 {[%emt 0:00:03]} 27. Rd2 {[%emt 0:00:04]} Re1+ {[%emt 0:00:01]} 28. Rf1 {
[%emt 0:00:01]} Rxf1+ {[%emt 0:00:22]} 29. Kxf1 {[%emt 0:00:00]} Re5 {[%emt 0:
00:02]} 30. Bb3 {[%emt 0:00:02]} Kf6 {[%emt 0:00:02]} 31. Rf2+ {[%emt 0:00:04]}
Ke6 {[%emt 0:00:01]} 32. Re2 {[%emt 0:00:09]} Ba6 {[%emt 0:00:01]} 33. c4 {
[%emt 0:00:04]} dxc4 {[%emt 0:00:18]} 34. Rxe5+ {[%emt 0:00:03]} Kxe5 {[%emt 0:
00:01]} 35. Ba4 {[%emt 0:00:03]} c3+ {[%emt 0:00:01]} 36. Ke1 {[%emt 0:00:01]}
cxb2 {[%emt 0:00:01]} 37. Bc2 {[%emt 0:00:04]} Bc4 {[%emt 0:00:02]} 38. a3 {
[%emt 0:00:02]} Ba2 {[%emt 0:00:01]} 39. Kd2 {[%emt 0:00:05]} b1=Q {[%emt 0:00:
02]} 40. Bxb1 {[%emt 0:00:00]} Bxb1 {[%emt 0:00:01]} 41. Kc3 {[%emt 0:00:01]}
Be4 {[%emt 0:00:02]} 42. Kb4 {[%emt 0:00:00]} Bxg2 {[%emt 0:00:01]} 43. h4 {
[%emt 0:00:01]} Kf4 {[%emt 0:00:02]} 44. g5 {[%emt 0:00:07]} hxg5 {[%emt 0:00:
01]} 45. hxg5 {[%emt 0:00:00]} Kxg5 {[%emt 0:00:01]} 46. Kb5 {[%emt 0:00:00]}
Bb7 {[%emt 0:00:01]} 47. a4 {[%emt 0:00:03]} f5 {[%emt 0:00:01]} 48. a5 {[%emt
0:00:00]} bxa5 {[%emt 0:00:01]} 49. Kxa5 {[%emt 0:00:00]} f4 {[%emt 0:00:01]}
50. Kb5 {[%emt 0:00:00]} f3 {[%emt 0:00:01]} 51. Ka5 {[%emt 0:00:00]} f2 {
[%emt 0:00:01] jchess06 abandonne} 0-1

[Event "Villarobledo Online Qualifyer"]
[Site "playchess.com #155672"]
[Date "2009.05.23"]
[Round "3"]
[White "Elo 84"]
[Black "Darkmatter"]
[Result "1-0"]
[WhiteElo "1669"]
[BlackElo "1312"]
[PlyCount "59"]
[EventDate "2009.05.23"]
[EventType "swiss (blitz)"]

1. e4 {[%emt 0:00:00]} c5 {[%emt 0:00:01]} 2. Nf3 {[%emt 0:00:01]} e6 {[%emt 0:
00:01]} 3. d4 {[%emt 0:00:01]} cxd4 {[%emt 0:00:01]} 4. Nxd4 {[%emt 0:00:01]}
Bc5 {[%emt 0:00:02]} 5. Nb3 {[%emt 0:00:01]} Bb6 {[%emt 0:00:02]} 6. g3 {[%emt
0:00:03]} Nc6 {[%emt 0:00:01]} 7. Bg2 {[%emt 0:00:02]} Nf6 {[%emt 0:00:01]} 8.
Nc3 {[%emt 0:00:02]} O-O {[%emt 0:00:02]} 9. O-O {[%emt 0:00:01]} Qc7 {[%emt 0:
00:03]} 10. h3 {[%emt 0:00:03]} Qxg3 {[%emt 0:00:04]} 11. Na4 {[%emt 0:00:19]}
Qc7 {[%emt 0:00:07]} 12. Nc3 {[%emt 0:00:13]} Rd8 {[%emt 0:00:13]} 13. Bg5 {
[%emt 0:00:02]} Qe5 {[%emt 0:00:14]} 14. Bh4 {[%emt 0:00:23]} Ne7 {[%emt 0:00:
15]} 15. Na4 {[%emt 0:00:03]} Bc7 {[%emt 0:00:05]} 16. f4 {[%emt 0:00:01]} Qb5
{[%emt 0:00:13]} 17. Bxf6 {[%emt 0:00:08]} Qxa4 {[%emt 0:00:07]} 18. Bxe7 {
[%emt 0:00:02]} Re8 {[%emt 0:00:10]} 19. Bd6 {[%emt 0:00:01]} Bb6+ {[%emt 0:00:
03]} 20. Kh1 {[%emt 0:00:04]} Be3 {[%emt 0:00:25]} 21. Bc5 {[%emt 0:00:10]}
Bxc5 {[%emt 0:00:15]} 22. Nxc5 {[%emt 0:00:01]} Qc4 {[%emt 0:00:03]} 23. Nb3 {
[%emt 0:00:05]} a6 {[%emt 0:00:08]} 24. e5 {[%emt 0:00:01]} b5 {[%emt 0:00:06]}
25. Bxa8 {[%emt 0:00:03]} d5 {[%emt 0:00:03]} 26. exd6 {[%emt 0:00:03]} Rd8 {
[%emt 0:00:02]} 27. Bg2 {[%emt 0:00:05]} a5 {[%emt 0:00:13]} 28. Nxa5 {[%emt 0:
00:04]} Qb4 {[%emt 0:00:02]} 29. Nc6 {[%emt 0:00:04]} Rd7 {[%emt 0:00:06]} 30.
Nxb4 {[%emt 0:00:02] Darkmatter rinde} 1-0

[Event "Villarobledo Online Qualifyer"]
[Site "playchess.com #155672"]
[Date "2009.05.23"]
[Round "3"]
[White "Dreistein"]
[Black "Krondor"]
[Result "1-0"]
[WhiteElo "1848"]
[BlackElo "1582"]
[PlyCount "53"]
[EventDate "2009.05.23"]
[EventType "swiss (blitz)"]

1. d4 {[%emt 0:00:02]} d5 {[%emt 0:00:03]} 2. Nf3 {[%emt 0:00:01]} Nf6 {[%emt
0:00:01]} 3. c4 {[%emt 0:00:00]} dxc4 {[%emt 0:00:02]} 4. e3 {[%emt 0:00:01]}
e6 {[%emt 0:00:01]} 5. Bxc4 {[%emt 0:00:02]} Be7 {[%emt 0:00:02]} 6. O-O {
[%emt 0:00:01]} O-O {[%emt 0:00:01]} 7. Qe2 {[%emt 0:00:02]} a6 {[%emt 0:00:07]
} 8. a4 {[%emt 0:00:02]} Bd7 {[%emt 0:00:07]} 9. Nc3 {[%emt 0:00:03]} Nc6 {
[%emt 0:00:04]} 10. e4 {[%emt 0:00:02]} Na5 {[%emt 0:00:04]} 11. Bd3 {[%emt 0:
00:04]} h6 {[%emt 0:00:06]} 12. Bc2 {[%emt 0:00:03]} Nc6 {[%emt 0:00:12]} 13.
Qd3 {[%emt 0:00:02]} g6 {[%emt 0:00:18]} 14. Bxh6 {[%emt 0:00:06]} Re8 {[%emt
0:00:04]} 15. Bb3 {[%emt 0:00:07]} Nh7 {[%emt 0:00:10]} 16. Bf4 {[%emt 0:00:06]
} Bg5 {[%emt 0:00:05]} 17. Nxg5 {[%emt 0:00:08]} Nxg5 {[%emt 0:00:02]} 18. h4 {
[%emt 0:00:07]} Nh7 {[%emt 0:00:21]} 19. h5 {[%emt 0:00:06]} g5 {[%emt 0:00:03]
} 20. Bg3 {[%emt 0:00:06]} Kg7 {[%emt 0:00:06]} 21. d5 {[%emt 0:00:07]} Nb8 {
[%emt 0:00:19]} 22. Bc2 {[%emt 0:00:09]} Nf6 {[%emt 0:00:15]} 23. Be5 {[%emt 0:
00:05]} Rh8 {[%emt 0:00:07]} 24. f4 {[%emt 0:00:17]} Rxh5 {[%emt 0:00:09]} 25.
fxg5 {[%emt 0:00:10]} Kg6 {[%emt 0:00:28]} 26. Bxf6 {[%emt 0:00:11]} Qe8 {
[%emt 0:00:16]} 27. e5# {[%emt 0:00:02]} 1-0

[Event "Villarobledo Online Qualifyer"]
[Site "playchess.com #155672"]
[Date "2009.05.23"]
[Round "3"]
[White "Holzmichl junior"]
[Black "Altruder"]
[Result "0-1"]
[WhiteElo "1214"]
[BlackElo "1669"]
[PlyCount "78"]
[EventDate "2009.05.23"]
[EventType "swiss (blitz)"]

1. e3 {[%emt 0:00:02] Holzmichl junior bietet Remis} Nf6 {[%emt 0:00:04]} 2.
Nf3 {[%emt 0:00:03]} g6 {[%emt 0:00:01]} 3. Nc3 {[%emt 0:00:04]} Bg7 {[%emt 0:
00:01]} 4. Be2 {[%emt 0:00:00]} O-O {[%emt 0:00:01]} 5. O-O {[%emt 0:00:01]} d5
{[%emt 0:00:01]} 6. d3 {[%emt 0:00:00]} c5 {[%emt 0:00:01]} 7. Bd2 {[%emt 0:00:
00]} Nc6 {[%emt 0:00:01]} 8. d4 {[%emt 0:00:00]} cxd4 {[%emt 0:00:10]} 9. Nxd4
{[%emt 0:00:01]} e5 {[%emt 0:00:03]} 10. Nxc6 {[%emt 0:00:02]} bxc6 {[%emt 0:
00:00]} 11. Bf3 {[%emt 0:00:04]} Be6 {[%emt 0:00:03]} 12. e4 {[%emt 0:00:02]}
d4 {[%emt 0:00:04]} 13. Ne2 {[%emt 0:00:03]} Rb8 {[%emt 0:00:03]} 14. b3 {
[%emt 0:00:03]} c5 {[%emt 0:00:06] Holzmichl junior bietet Remis} 15. c4 {
[%emt 0:00:02]} Nd7 {[%emt 0:00:28]} 16. Qe1 {[%emt 0:00:03]} f5 {[%emt 0:00:
04]} 17. exf5 {[%emt 0:00:03]} gxf5 {[%emt 0:00:01]} 18. Ba5 {[%emt 0:00:07]}
Qf6 {[%emt 0:00:02]} 19. Bd5 {[%emt 0:00:03]} Bxd5 {[%emt 0:00:24]} 20. cxd5 {
[%emt 0:00:00]} Qd6 {[%emt 0:00:03]} 21. Bd2 {[%emt 0:00:12]} Nf6 {[%emt 0:00:
03]} 22. f4 {[%emt 0:00:04]} e4 {[%emt 0:00:02]} 23. Ng3 {[%emt 0:00:11]} Qxd5
{[%emt 0:00:02]} 24. Ba5 {[%emt 0:00:10]} Kh8 {[%emt 0:00:02]} 25. Qe2 {[%emt
0:00:05]} d3 {[%emt 0:00:04]} 26. Qd2 {[%emt 0:00:02]} Qd4+ {[%emt 0:00:15]}
27. Kh1 {[%emt 0:00:09]} e3 {[%emt 0:00:02]} 28. Qd1 {[%emt 0:00:02]} Ng4 {
[%emt 0:00:10]} 29. Rb1 {[%emt 0:00:08]} Nf2+ {[%emt 0:00:01]} 30. Rxf2 {[%emt
0:00:03]} exf2 {[%emt 0:00:01]} 31. Qf1 {[%emt 0:00:01]} Rfe8 {[%emt 0:00:11]}
32. Nxf5 {[%emt 0:00:02]} Qxf4 {[%emt 0:00:03]} 33. Nxg7 {[%emt 0:00:03]} Kxg7
{[%emt 0:00:02]} 34. Rd1 {[%emt 0:00:03]} Re3 {[%emt 0:00:26]} 35. Bd2 {[%emt
0:00:05]} Rbe8 {[%emt 0:00:04]} 36. Bxe3 {[%emt 0:00:02]} Rxe3 {[%emt 0:00:02]}
37. g3 {[%emt 0:00:09]} Qe4+ {[%emt 0:00:01]} 38. Qg2 {[%emt 0:00:05]} Re1+ {
[%emt 0:00:02]} 39. Rxe1 {[%emt 0:00:07]} fxe1=Q# {[%emt 0:00:01]} 0-1

[Event "Villarobledo Online Qualifyer"]
[Site "playchess.com #155672"]
[Date "2009.05.23"]
[Round "3"]
[White "Thenaar"]
[Black "Ozmarabagi"]
[Result "0-1"]
[WhiteElo "2113"]
[BlackElo "1761"]
[PlyCount "58"]
[EventDate "2009.05.23"]
[EventType "swiss (blitz)"]

1. e4 {[%emt 0:00:02]} c5 {[%emt 0:00:14]} 2. a3 {[%emt 0:00:09]} Nc6 {[%emt 0:
00:04]} 3. b4 {[%emt 0:00:01]} cxb4 {[%emt 0:00:05]} 4. axb4 {[%emt 0:00:00]}
Nxb4 {[%emt 0:00:05]} 5. d4 {[%emt 0:00:01]} d5 {[%emt 0:00:04]} 6. c3 {[%emt
0:00:02]} Nc6 {[%emt 0:00:04]} 7. exd5 {[%emt 0:00:01]} Qxd5 {[%emt 0:00:05]}
8. Na3 {[%emt 0:00:00]} Qe4+ {[%emt 0:00:06]} 9. Be2 {[%emt 0:00:16]} Qxg2 {
[%emt 0:00:05]} 10. Bf3 {[%emt 0:00:01]} Qg6 {[%emt 0:00:05]} 11. Nb5 {[%emt 0:
00:01]} Kd8 {[%emt 0:00:05]} 12. Ne2 {[%emt 0:00:04]} Qf5 {[%emt 0:00:05]} 13.
Ng3 {[%emt 0:00:15]} Qxb5 {[%emt 0:00:05]} 14. Be2 {[%emt 0:00:10]} Qd5 {[%emt
0:00:05]} 15. c4 {[%emt 0:00:01]} Qxd4 {[%emt 0:00:07]} 16. Qa4 {[%emt 0:00:06]
} Nf6 {[%emt 0:00:06]} 17. Be3 {[%emt 0:00:04]} Qc3+ {[%emt 0:00:07]} 18. Bd2 {
[%emt 0:00:01]} Qb2 {[%emt 0:00:05]} 19. Rd1 {[%emt 0:00:20]} Ke8 {[%emt 0:00:
07]} 20. Bf3 {[%emt 0:00:04]} Bd7 {[%emt 0:00:08]} 21. O-O {[%emt 0:00:01]} Nd4
{[%emt 0:00:12]} 22. Qxd7+ {[%emt 0:00:42]} Nxd7 {[%emt 0:00:08]} 23. Bg2 {
[%emt 0:00:02]} Ne5 {[%emt 0:00:07]} 24. Be3 {[%emt 0:00:04]} Ndf3+ {[%emt 0:
00:05]} 25. Kh1 {[%emt 0:00:01]} Qb4 {[%emt 0:00:06]} 26. Rb1 {[%emt 0:00:05]}
Qxc4 {[%emt 0:00:04]} 27. Rxb7 {[%emt 0:00:03]} a5 {[%emt 0:00:04]} 28. Rc1 {
[%emt 0:00:01]} Qh4 {[%emt 0:00:06]} 29. Rc2 {[%emt 0:00:15]} Qxh2# {[%emt 0:
00:12]} 0-1

[Event "Villarobledo Online Qualifyer"]
[Site "playchess.com #155672"]
[Date "2009.05.23"]
[Round "3"]
[White "Necromant"]
[Black "Maguljica"]
[Result "1-0"]
[WhiteElo "2576"]
[BlackElo "2148"]
[PlyCount "47"]
[EventDate "2009.05.23"]
[EventType "swiss (blitz)"]

1. e4 {[%emt 0:00:08]} c5 {[%emt 0:00:02]} 2. Nf3 {[%emt 0:00:01]} d6 {[%emt 0:
00:01]} 3. d4 {[%emt 0:00:00]} cxd4 {[%emt 0:00:01]} 4. Nxd4 {[%emt 0:00:00]}
Nf6 {[%emt 0:00:02]} 5. Nc3 {[%emt 0:00:00]} Bd7 {[%emt 0:00:01]} 6. Bc4 {
[%emt 0:00:05]} Nc6 {[%emt 0:00:02]} 7. Bb3 {[%emt 0:00:05]} Nxd4 {[%emt 0:00:
08]} 8. Qxd4 {[%emt 0:00:01]} g6 {[%emt 0:00:00]} 9. Bg5 {[%emt 0:00:02]} Bg7 {
[%emt 0:00:02]} 10. O-O-O {[%emt 0:00:10]} O-O {[%emt 0:00:16]} 11. Qd2 {[%emt
0:00:05]} Bc6 {[%emt 0:00:58]} 12. f3 {[%emt 0:00:05]} a5 {[%emt 0:00:06]} 13.
a4 {[%emt 0:00:06]} Qe8 {[%emt 0:00:14]} 14. h4 {[%emt 0:00:14]} b5 {[%emt 0:
00:06]} 15. axb5 {[%emt 0:00:03]} Bxb5 {[%emt 0:00:00]} 16. h5 {[%emt 0:00:15]}
a4 {[%emt 0:00:03]} 17. Bd5 {[%emt 0:00:18]} Rb8 {[%emt 0:00:21]} 18. hxg6 {
[%emt 0:00:07]} hxg6 {[%emt 0:00:32]} 19. Bh6 {[%emt 0:00:02]} Nd7 {[%emt 0:00:
27]} 20. Bxg7 {[%emt 0:00:04]} Kxg7 {[%emt 0:00:00]} 21. Qh6+ {[%emt 0:00:06]}
Kf6 {[%emt 0:00:01]} 22. e5+ {[%emt 0:00:22] .} Kxe5 {[%emt 0:00:13]} 23. Qg5+
{[%emt 0:00:04]} f5 {[%emt 0:00:01]} 24. Rhe1+ {[%emt 0:00:02] Maguljica
resigns} 1-0

[Event "Villarobledo Online Qualifyer"]
[Site "playchess.com #155672"]
[Date "2009.05.23"]
[Round "3"]
[White "Tdurden"]
[Black "DanyD"]
[Result "1-0"]
[WhiteElo "2188"]
[BlackElo "1821"]
[PlyCount "73"]
[EventDate "2009.05.23"]
[EventType "swiss (blitz)"]

1. e4 {[%emt 0:00:03]} d6 {[%emt 0:00:02]} 2. d4 {[%emt 0:00:02]} g6 {[%emt 0:
00:01]} 3. Nc3 {[%emt 0:00:01]} Bg7 {[%emt 0:00:01]} 4. h3 {[%emt 0:00:00]} Nf6
{[%emt 0:00:01]} 5. g4 {[%emt 0:00:01]} O-O {[%emt 0:00:01]} 6. Bg2 {[%emt 0:
00:01]} Nc6 {[%emt 0:00:02]} 7. Nge2 {[%emt 0:00:01]} e6 {[%emt 0:00:01]} 8.
O-O {[%emt 0:00:01]} d5 {[%emt 0:00:04]} 9. e5 {[%emt 0:00:11]} Ne8 {[%emt 0:
00:03]} 10. Be3 {[%emt 0:00:01]} a6 {[%emt 0:00:03]} 11. Qd2 {[%emt 0:00:01]}
f6 {[%emt 0:00:01]} 12. f4 {[%emt 0:00:05]} f5 {[%emt 0:00:01]} 13. gxf5 {
[%emt 0:00:11]} Rxf5 {[%emt 0:00:03]} 14. Ng3 {[%emt 0:00:05]} Rf8 {[%emt 0:00:
02]} 15. Nce2 {[%emt 0:00:20]} Ne7 {[%emt 0:00:01]} 16. c4 {[%emt 0:00:02]} c6
{[%emt 0:00:02]} 17. cxd5 {[%emt 0:00:02]} cxd5 {[%emt 0:00:02]} 18. Rac1 {
[%emt 0:00:01]} Bd7 {[%emt 0:00:03]} 19. Rc3 {[%emt 0:00:06]} Bb5 {[%emt 0:00:
02]} 20. Rfc1 {[%emt 0:00:06]} Nf5 {[%emt 0:00:01]} 21. Nxf5 {[%emt 0:00:02]}
gxf5 {[%emt 0:00:02]} 22. Ng3 {[%emt 0:00:07]} Bc6 {[%emt 0:00:03]} 23. Nh5 {
[%emt 0:00:12]} Rf7 {[%emt 0:00:16]} 24. Bf2 {[%emt 0:00:06]} Nc7 {[%emt 0:00:
09]} 25. Rg3 {[%emt 0:00:03]} Kh8 {[%emt 0:00:03]} 26. Kh2 {[%emt 0:00:07]} Qe7
{[%emt 0:00:18]} 27. Bf3 {[%emt 0:00:02]} Rg8 {[%emt 0:00:04]} 28. Rcg1 {[%emt
0:00:02]} Qf8 {[%emt 0:00:09]} 29. Nf6 {[%emt 0:00:04]} Rxf6 {[%emt 0:00:10]}
30. exf6 {[%emt 0:00:02]} Qxf6 {[%emt 0:00:00]} 31. Qe2 {[%emt 0:00:08]} Qh6 {
[%emt 0:00:14]} 32. Be3 {[%emt 0:00:18]} Ne8 {[%emt 0:00:02]} 33. Bh5 {[%emt 0:
00:05]} Nf6 {[%emt 0:00:14]} 34. Bf7 {[%emt 0:00:05]} Rf8 {[%emt 0:00:16]} 35.
Rxg7 {[%emt 0:00:05]} Ng4+ {[%emt 0:00:06]} 36. R7xg4 {[%emt 0:00:02]} fxg4 {
[%emt 0:00:01]} 37. Qxg4 {[%emt 0:00:01] DanyD resigns} 1-0